The Killers: Sam's Town - Songs - Statistics

General Stats
  • This quiz has been taken 15 times
  • The average score is 7 of 12
Answer Stats
Answer % Correct
Sam's Town
91%
Enterlude
82%
Exitlude
82%
When You Were Young
82%
Read My Mind
73%
Bling (Confessions Of A King)
64%
Bones
55%
My List
45%
The River Is Wild
45%
For Reasons Unknown
36%
Uncle Jonny
36%
Why Do I Keep Counting?
36%
No matching quizzes found
Score Distribution
Percent of People with Each Score
Percentile by Number Answered
Your Score History
You have not taken this quiz